1089 1506 1511 1151 1341 1155 1764 1748 1104 1164 1456 1332 1895 1841 1862 1773 1285 1251 1242 1765 1718 1583 1623 1243 1545 1102 1924 1348 1648 1629 1854 1461 1679 1936 1113 1505 1620 1313 1418 1971 1965 1965 1508 1707 1502 1666 1736 1494 1838 1335 1129 1783 1929 1993 1653 1311 1036 1506 1589 1700 1548 1445 1492 1698 1368 1281 1874 1246 1160 1149 1202 1431 1736 1783 1150 1415 1848 1982 1800 1669 1713 1666 1013 1389 1151 1988 1999 1592 1356 1058 1858 1204 1334 1045 1865 1301 1664 1164 1879 BCNSPRNW ULIB Ver.6.0+V

เปลี่ยนเป็นภาษาไทย

Change to English
 แสดงรายละเอียดบรรณานุกรม
  กลับหน้าหลัก

Brief Record : Get Marc (ISO 2709) : E-mail record : QR code < ปิดหน้าต่าง
LEADER : 00000nam 2200000uu 4500
001    13399114156
003     ULIB
008    110601s||||||||th 000 0 tha d
020    9789748182841
060 04 WO100^bว865ต
100 0  วุฒิชัย ธนาพงศธร
245 00 ตำราศัลยศาสตร์ :^bพื้นฐานศัลยศาสตร์และอาการของโรคศัลยกรรมสำหรับแพทย์เวชปฏิบัติทั่วไป = Essential surgical symptomatology and sciences for general practitioner /^cบรรณาธิการ, วุฒิชัย ธนาพงศธร, ปริญญา อัครานุรักษ์กุล
246 31 Essential surgical symptomatology and sciences for generalpractitioner
250    พิมพ์ครั้งที่ 2
260    กรุงเทพฯ :^bภาควิชาศัลยศาสตร์ คณะแพทยศาสตร์มหาวิทยาลัยศรีนครินทรวิโรฒ,^c2554
300    416 หน้า :^bภาพประกอบ ;^c30 ซม.
650  7 ศัลยศาสตร์
700 0  วุฒิชัย ธนาพงศธร,^eบรรณาธิการ
700 0  ปริญญา อัครานุรักษ์กุล,^eบรรณาธิการ
710 2  มหาวิทยาลัยศรีนครินทรวิโรฒ. ^bคณะแพทยศาสตร์.^bภาควิชาศัลยศาสตร์
945    ^p650^l0^i031166
945    ^p650^l0^i031167
995    ทศพร
999 ^a ใช้งานได้ทุกระบบ
รายการนี้ยังไม่มีแท็ก
คุณยังไม่ได้ล็อกอิน คุณสามารถมีกิจกรรมร่วมกับเว็บไซต์ได้ แต่ต้องล็อกอินก่อน ::
  ล็อกอิน

รายการสื่อสารสนเทศ

ลำดับที่ ประเภท เลขเรียก/บาร์โค้ด สถานที่ สถานะ
1. วิทยาศาสตร์การแพทย์ และสุขภาพ
วิทยาศาสตร์การแพทย์ และสุขภาพ
WO100 ว865ต ฉ.1 
  Barcode: 031166
ห้องสมุดวิทยาเขตสวรรค์ประชารักษ์
►ส่วนจัดเก็บหนังสือเก่า สปร
บนชั้น
  ขอยืม
2. วิทยาศาสตร์การแพทย์ และสุขภาพ
วิทยาศาสตร์การแพทย์ และสุขภาพ
WO100 ว865ต ฉ.2 
  Barcode: 031167
ห้องสมุดวิทยาเขตสวรรค์ประชารักษ์
►ส่วนจัดเก็บหนังสือเก่า สปร
บนชั้น
  ขอยืม

รายการใกล้เคียง
    ผู้แต่ง [วุฒิชัย ธนาพงศธร]

    หัวเรื่อง [ศัลยศาสตร์]

BibComment


ยังไม่เคยถูกคอมเมนท์

คอมเมนท์ทรัพยากรรายการนี้
  คอมเมนท์: ตำราศัลยศาสตร์ พ..


 Copyright 2026. Bcnsprnw @Library